000 00591nam a2200169Ia 4500
005 20250508160153.0
008 008 250505s9999 xx 000 0 eng d
037 _aBooks to be hide in OPAC
040 _aFEDL
_beng
_cFEDL
041 _aeng
_2eng
084 _a370.973, UNI/O
_qFEDL
245 0 _aProceedings of the fouth annual meeting of the national council of primary education, Chicago, Illinois February 25, 1919
260 _aWashington, USA
_bU.S. Government Printing Office
_c1920
300 _a53p.
942 _cHB
_h370.973, UNI/O
999 _c1362396
_d1362396